000 01218nam0a22002531 4500
001 rc\3453089
005 20260407125525.0
021 _aRU
_b[73-29329]
035 _a(NLR Aleph) 007892608
090 _a7987595
_c7987595
100 _a20130115d1973 |||y0rusy50 ca
101 0 _arus
102 _aRU
105 _aa z |||||
200 1 _aОрганизация ремонтных служб на предприятиях химической промышленности
_e[Сборник]
_fМ-во хим. пром-сти. Центр. науч. организации труда. Отд-ние НИИТЭХИМа (г. Черкассы)
210 _aЧеркассы
_cБ. и.
_d1973
215 _a118 с., 10 л. черт.
_cчерт.
_d20
606 _aХимические заводы
_xРемонтное хозяйство
_jСборники
_2psbo
712 0 2 _aНИИ технико-экономических исследований Министерства химической промышленности СССР
_bЧеркасское отделение
_9435594
_3RU\NLR\AUTH\889969660
801 0 _aRU
_bNLR
_gpsbo
801 1 _aRU
_bELAR
_2rusmarc
852 _aNLR
_j73-3/1930
942 _cBOOK
980 _aNB